01320nam a22002297a 450000500170000000800410001702000180005804000070007604100120008308200160009510000180011124500790012926000310020830000250023936500570026452006740032165000140099565000280100965000120103765000210104970000200107020260129144846.0260129b |||||||| |||| 00| 0 eng d a9780801018824 cAL aEnglish a158.1bHYAL aMichael Hyatt aLiving forwardb: a proven plan to stop drifting and get the life you want aMichiganbBakerBooksc2016 a203p.bPBc21.5x14cm aXIHG-290485b₹1350.69c₹d₹1392.00f14-01-2026 aIf you're like most people, you want to lead a life of meaning and significance, joy and satisfaction. New York Times bestselling author Michael Hyatt and executive coach Daniel Harkavy have both lived the very same story but they rewrote the ending. And their book Living Forward will help you do the same thing. In this step-by-step guide, Hyatt and Harkavy share simple but proven principles to help you stop drifting, design a Life Plan with the end in mind, and chart a path that will take you there. And you can work the process in just one day. Imagine trading just twenty-four hours for the life you really want. It's possible, and Living Forward shows you how. aSelf Helf aPersonal Transformation aSuccess aTime Management  aHarkavy, Daniel